Strategic management : planning for domestic and global competition (Record no. 18454)

MARC details
000 -LEADER
fixed length control field 00592nam a2200193Ia 4500
008 - FIXED-LENGTH DATA ELEMENTS--GENERAL INFORMATION
fixed length control field 220501s2019 xx 000 0 eng d
020 ## - INTERNATIONAL STANDARD BOOK NUMBER
International Standard Book Number 9789353162931
082 ## - DEWEY DECIMAL CLASSIFICATION NUMBER
Classification number 658.4012 PEA-S
100 ## - MAIN ENTRY--PERSONAL NAME
Personal name Pearce II, John A.
245 #0 - TITLE STATEMENT
Title Strategic management : planning for domestic and global competition
Statement of responsibility, etc John A. Pearce II, Richard B. Robinson and Amita Mital
250 ## - EDITION STATEMENT
Edition statement 15th ed.
260 ## - PUBLICATION, DISTRIBUTION, ETC. (IMPRINT)
Place of publication, distribution, etc chennai
Name of publisher, distributor, etc McGraw Hill
Date of publication, distribution, etc 2019
300 ## - PHYSICAL DESCRIPTION
Extent / Pages xxv, 798p.
650 ## - SUBJECT ADDED ENTRY--TOPICAL TERM
Topical term or geographic name as entry element Strategic planning
650 ## - SUBJECT ADDED ENTRY--TOPICAL TERM
Topical term or geographic name as entry element Strategy
700 ## - ADDED ENTRY--PERSONAL NAME
Personal name Mital, Amita
700 ## - ADDED ENTRY--PERSONAL NAME
Personal name Robinson, Richard B.
942 ## - ADDED ENTRY ELEMENTS (KOHA)
Source of classification or shelving scheme
Koha item type Books
942 ## - ADDED ENTRY ELEMENTS (KOHA)
-- 1
Holdings
Withdrawn status Lost status Source of classification or shelving scheme Damaged status Not for loan Home library Current library Date acquired Source of acquisition Cost, normal purchase price Full call number Barcode Date last seen Copy number Bill Date Koha item type Bill Number Total Checkouts Date last borrowed
          SOBD Library SOBD Library 16/03/2019 Vedi Books 540.60 658.4012 PEA-S1 000534 01/07/2022 1 15/03/2019 Reference Books 1224    
          SOBD Library SOBD Library 16/03/2019 Vedi Books 540.60 658.4012 PEA-S2 000535 20/03/2024 2 15/03/2019 Books 1224 1 31/08/2022
Hosted, Implemented, Customized & Maintained by: BestBookBuddies

Powered by Koha